Catálogo público

El libro de la química: de la polvora a las enzimas artificiales, 250 historias de la química / Derek B. Lowe ; traducción Francisco Martínez López (Record no. 217195)

MARC details
000 -CABECERA
campo de control de longitud fija 00879nam a2200253Ia 4500
001 - NÚMERO DE CONTROL
campo de control Z_7141
008 - DATOS DE LONGITUD FIJA--INFORMACIÓN GENERAL
campo de control de longitud fija 220601s9999 xx 000 0 und d
020 ## - NÚMERO INTERNACIONAL ESTÁNDAR DEL LIBRO
Número Internacional Estándar del Libro 978-90-8998-801-0
082 ## - NÚMERO DE LA CLASIFICACIÓN DECIMAL DEWEY
Número de clasificación 540.9 L69
100 ## - ENTRADA PRINCIPAL--NOMBRE DE PERSONA
Nombre de persona Lowe, Derek B.
9 (RLIN) 136223
245 ## - MENCIÓN DE TÍTULO
Título El libro de la química: de la polvora a las enzimas artificiales, 250 historias de la química / Derek B. Lowe ; traducción Francisco Martínez López
260 ## - PUBLICACIÓN, DISTRIBUCIÓN, ETC.
Lugar de publicación, distribución, etc. Kerkdriel, Netherlands : Librero b. v.
300 ## - DESCRIPCIÓN FÍSICA
Extensión 527 p.
500 ## - NOTA GENERAL
Nota general Traducción de la obra en inglés: The Chemistry Book
503 ## - NOTA DE HISTORIA BIBLIOGRÁFICA (BK CF MU) [OBSOLETO]
Nota de historia bibliográfica ej.1: consumo
504 ## - NOTA DE BIBLIOGRAFÍA, ETC.
Nota de bibliografía, etc. Bibliografía: p. 514 - 524
650 ## - PUNTO DE ACCESO ADICIONAL DE MATERIA--TÉRMINO DE MATERIA
Término de materia o nombre geográfico como elemento de entrada 1. Química - Historia
9 (RLIN) 184946
700 ## - PUNTO DE ACCESO ADICIONAL--NOMBRE DE PERSONA
Nombre de persona Martínez López, Francisco, tr.Ì
9 (RLIN) 184947
901 ## - ELEMENTOS DE DATOS A LOCAL LDA (RLIN)
a 540.9 L69
902 ## - ELEMENTOS DE DATOS B LOCAL, LDB (RLIN)
a M
905 ## - ELEMENTOS DE DATOS E LOCAL, LDE (RLIN)
a 5232272017 ne a 9212223322spa16
942 ## - ELEMENTOS DE PUNTO DE ACCESO ADICIONAL (KOHA)
Tipo de ítem Koha Libro_

No items available.